|
|
|
|
| LEADER |
01672nam a2200325 a 4500 |
| 001 |
GR-MES748 |
| 008 |
991111s1992 gr 000 0 gre d |
| 020 |
|
|
|a 9604311751
|
| 040 |
|
|
|a GrPaTEI
|b gre
|c GR-PaULI
|
| 082 |
|
0 |
|a 630.71509495
|
| 245 |
0 |
0 |
|a Γεωργικές εφαρμογές :
|b Το συμβουλευτικό έργο των φορέων γεωργικής αναπτυξης.
|
| 260 |
|
|
|a Θεσσαλονίκη :
|b Ζήτη,
|c 1992,
|c 1997
|
| 300 |
|
|
|a 452 σελ.,πιν.
|
| 504 |
|
|
|a Βιβλιογραφία:σελ(409-429)
|
| 650 |
|
4 |
|a Γεωργία
|
| 650 |
|
4 |
|a ΓΕΩΡΓΙΚΕΣ ΕΦΑΡΜΟΓΕΣ
|
| 650 |
|
4 |
|a Επικοινωνία
|
| 650 |
|
4 |
|a Εφαρμογές
|
| 650 |
|
4 |
|a Ιστορία
|
| 650 |
|
4 |
|a Μέθοδοι
|
| 650 |
|
4 |
|a Προγραμματα
|
| 650 |
|
4 |
|a Ψυχολογία
|
| 700 |
1 |
|
|a Σιάρδος, Γεώργιος Κ.
|
| 710 |
0 |
|
|a Ζήτη
|
| 942 |
|
|
|2 ddc
|
| 952 |
|
|
|0 0
|1 0
|2 ddc
|4 0
|6 630_715094950000000_ΣΙΑ
|7 0
|9 264263
|a MSLG
|b MSLG
|c BSC
|d 2021-01-17
|e 24
|f 0
|g 0.00
|l 0
|o 630.71509495 ΣΙΑ
|p 2420000004189
|r 2021-01-17 00:00:00
|t 1
|v 2021.00
|w 2021-01-17
|y BK15
|x Μεταφορά από Αμαλιάδα (18/10/22)
|x GrPaTEI
|
| 952 |
|
|
|0 0
|1 0
|2 ddc
|4 0
|6 630_715094950000000_ΣΙΑ
|7 0
|9 264264
|a MSLG
|b MSLG
|c BSC
|d 2021-01-17
|e 24
|f 0
|g 0.00
|l 0
|o 630.71509495 ΣΙΑ
|p 2420000012706
|r 2021-01-17 00:00:00
|t 1
|w 2021-01-17
|y BK15
|x 20030826 0 1
|x GrPaTEI
|
| 952 |
|
|
|0 0
|1 0
|2 ddc
|4 0
|6 630_715094950000000_ΣΙΑ
|7 0
|9 264265
|a MSLG
|b MSLG
|c BSC
|d 2021-01-17
|e 24
|f 0
|g 0.00
|l 0
|o 630.71509495 ΣΙΑ
|p 2420000018042
|r 2021-01-17 00:00:00
|t 1
|w 2021-01-17
|y BK15
|x 20000214 0 1
|x GrPaTEI
|
| 971 |
|
|
|a .b25717893
|b 01-10-20
|c 13-09-16
|
| 999 |
|
|
|c 152060
|d 152060
|